[Event "EU-Cup 37th"]
[Site "Mayrhofen"]
[Date "2022.10.05"]
[Round "3.5"]
[White "Sadikhov, Ulvi Ramil Oglu"]
[Black "Sargissian, Gabriel"]
[Result "1/2-1/2"]
[WhiteElo "2473"]
[BlackElo "2711"]
[PlyCount "125"]
[EventDate "2022.10.03"]
[EventType "team-swiss"]
[EventRounds "7"]
[EventCountry "AUT"]
[SourceTitle "CBM 210 Extra"]
[Source "ChessBase"]
[SourceDate "2022.11.30"]
[SourceVersion "1"]
[SourceVersionDate "2022.11.30"]
[SourceQuality "1"]
[WhiteTeam "Vugar Gashimov"]
[BlackTeam "Superbet ASE"]
[WhiteTeamCountry "AZE"]
[BlackTeamCountry "ROU"]

1. c4 e6 2. g3 d5 3. Bg2 Nf6 4. Nf3 Be7 5. b3 d4 6. 0-0 c5 7. e3 Nc6 8. exd4 cxd4 9. d3 0-0 10. Bg5 h6 11. Bxf6 Bxf6 12. Nbd2 e5 13. Re1 Qc7 14. a3 a5 15. c5 Be6 16. Rc1 Na7 17. Nc4 Bxc4 18. bxc4 Qxc5 19. Qa4 Nc8 20. Rb1 Nd6 21. Nd2 Ra7 22. Ne4 Nxe4 23. Bxe4 Be7 24. Rxb7 Rxb7 25. Bxb7 Rb8 26. Qd7 Qd6 27. Qxd6 Bxd6 28. Bd5 Kf8 29. a4 f6 30. Rc1 Bc5 31. f4 exf4 32. gxf4 Rb2 33. f5 Rd2 34. Be4 Ke7 35. Rb1 Bb4 36. c5 Ra2 37. Rc1 Kd7 38. Rc4 Kc7 39. c6 Rxa4 40. Kg2 Ra2+ 41. Kf3 Bc3 42. Rc5 Rxh2 43. Rd5 Kxc6 44. Rxa5+ Kb6 45. Ra8 Rh5 46. Ra2 Rg5 47. Rg2 h5 48. Kf2 Bd2 49. Rxg5 fxg5 50. Bd5 g4 51. Bf7 h4 52. Bh5 Be3+ 53. Kf1 g3 54. Bg4 Kc5 55. Bh3 Kd5 56. Kg2 Ke5 57. Kf3 Bg5 58. Kg4 Bd8 59. Bg2 Be7 60. Bh3 Kd5 61. Kf3 Kd6 62. Bg2 Ke5 63. Kg4 1/2-1/2

[Event "EU-Cup 37th"]
[Site "Mayrhofen"]
[Date "2022.10.03"]
[Round "1.9"]
[White "Sadikhov, Ulvi Ramil Oglu"]
[Black "Bremner, Adam"]
[Result "1-0"]
[WhiteElo "2473"]
[BlackElo "2178"]
[PlyCount "83"]
[EventDate "2022.10.03"]
[EventType "team-swiss"]
[EventRounds "7"]
[EventCountry "AUT"]
[SourceTitle "CBM 210 Extra"]
[Source "ChessBase"]
[SourceDate "2022.11.30"]
[SourceVersion "1"]
[SourceVersionDate "2022.11.30"]
[SourceQuality "1"]
[WhiteTeam "Vugar Gashimov"]
[BlackTeam "Sharks 4NCL"]
[WhiteTeamCountry "AZE"]
[BlackTeamCountry "ENG"]

1. Nf3 Nf6 2. g3 g6 3. Bg2 Bg7 4. 0-0 0-0 5. d3 c5 6. c3 Nc6 7. e4 d6 8. Re1 Rb8 9. Nbd2 b5 10. d4 cxd4 11. cxd4 e5 12. d5 Ne7 13. b4 a5 14. Nb3 a4 15. Na5 Bd7 16. Bd2 Rc8 17. h3 Qb6 18. Be3 Qb8 19. Nd2 Kh8 20. Rc1 Rxc1 21. Qxc1 Rc8 22. Qa3 Ne8 23. Qd3 f5 24. f3 Qc7 25. Bf1 Qc2 26. Qxc2 Rxc2 27. a3 Nc8 28. Nb1 f4 29. Rc1 Rxc1 30. Bxc1 g5 31. Nc3 Nc7 32. Nc6 Bxc6 33. dxc6 Na7 34. Nd5 Nxd5 35. exd5 e4 36. fxe4 Bd4+ 37. Kg2 fxg3 38. Bxg5 Bb2 39. c7 Bxa3 40. Bxb5 Bxb4 41. Bxa4 Ba5 42. Bd8 1-0

[Event "TUR-chT 1st League"]
[Site "Konya"]
[Date "2022.08.26"]
[Round "7.4"]
[White "Sadikhov, Ulvi Ramil Oglu"]
[Black "Iskandarov, Misratdin"]
[Result "0-1"]
[WhiteElo "2485"]
[BlackElo "2589"]
[PlyCount "76"]
[EventDate "2022.08.22"]
[EventType "team-swiss"]
[EventRounds "9"]
[EventCountry "TUR"]
[SourceTitle "CBM 209 Extra"]
[Source "ChessBase"]
[SourceDate "2022.09.30"]
[SourceVersion "1"]
[SourceVersionDate "2022.09.30"]
[SourceQuality "1"]
[WhiteTeam "Pamukkale Universiteli"]
[BlackTeam "Yalova Belediye"]
[WhiteTeamCountry "TUR"]
[BlackTeamCountry "TUR"]

1. c4 e5 2. Nc3 Nf6 3. Nf3 Nc6 4. g3 Bb4 5. Bg2 0-0 6. Nd5 e4 7. Nh4 Re8 8. 0-0 Bc5 9. d3 exd3 10. Qxd3 Ne5 11. Qc3 a5 12. Bg5 Nxd5 13. Qxe5 Rxe5 14. Bxd8 Re8 15. Bg5 Nb6 16. Nf5 d5 17. Be3 Bxe3 18. Nxe3 dxc4 19. Rac1 c6 20. Rfd1 Be6 21. f4 f6 22. Rd2 Rad8 23. Rcd1 Rxd2 24. Rxd2 Kf8 25. Kf2 Ke7 26. Nd1 Na4 27. Be4 Nc5 28. Nc3 Rc8 29. Bc2 b5 30. e4 b4 31. Na4 Nxa4 32. Bxa4 g6 33. Ke3 c5 34. h4 Rd8 35. Rxd8 Kxd8 36. Kd2 c3+ 37. bxc3 Bxa2 38. g4 h6 0-1

[Event "TUR-chT 1st League"]
[Site "Konya"]
[Date "2022.08.23"]
[Round "2.6"]
[White "Uzumcu, Ahmet Utku"]
[Black "Sadikhov, Ulvi Ramil Oglu"]
[Result "1/2-1/2"]
[WhiteElo "2249"]
[BlackElo "2485"]
[PlyCount "29"]
[EventDate "2022.08.22"]
[EventType "team-swiss"]
[EventRounds "9"]
[EventCountry "TUR"]
[SourceTitle "CBM 209 Extra"]
[Source "ChessBase"]
[SourceDate "2022.09.30"]
[SourceVersion "1"]
[SourceVersionDate "2022.09.30"]
[SourceQuality "1"]
[WhiteTeam "Mavisehir Altyapi"]
[BlackTeam "Pamukkale Universiteli"]
[WhiteTeamCountry "TUR"]
[BlackTeamCountry "TUR"]

1. e4 c5 2. Nf3 a6 3. c4 Nc6 4. d4 cxd4 5. Nxd4 e5 6. Nc2 Bc5 7. Nc3 d6 8. Be3 Nge7 9. Be2 0-0 10. 0-0 Be6 11. b3 Rc8 12. Na4 Bxe3 13. Nxe3 Nd4 14. Bd3 b5 15. Nc3 1/2-1/2

[Event "TUR-chT 1st League"]
[Site "Konya"]
[Date "2022.08.22"]
[Round "1.4"]
[White "Sadikhov, Ulvi Ramil Oglu"]
[Black "Agdelen, Huseyin Can"]
[Result "1-0"]
[WhiteElo "2485"]
[BlackElo "2423"]
[PlyCount "77"]
[EventDate "2022.08.22"]
[EventType "team-swiss"]
[EventRounds "9"]
[EventCountry "TUR"]
[SourceTitle "CBM 209 Extra"]
[Source "ChessBase"]
[SourceDate "2022.09.30"]
[SourceVersion "1"]
[SourceVersionDate "2022.09.30"]
[SourceQuality "1"]
[WhiteTeam "Pamukkale Universiteli"]
[BlackTeam "Varyant Genclik"]
[WhiteTeamCountry "TUR"]
[BlackTeamCountry "TUR"]

1. c4 e6 2. g3 d5 3. Bg2 Nf6 4. Nf3 Be7 5. b3 d4 6. 0-0 0-0 7. e3 c5 8. exd4 cxd4 9. d3 Nc6 10. Re1 Re8 11. Ne5 Nxe5 12. Rxe5 Bd6 13. Re1 Qc7 14. a3 a5 15. Nd2 e5 16. Nf3 h6 17. Ra2 Bf5 18. Rc2 b6 19. Nh4 Bg4 20. Bf3 Qd7 21. Bxg4 Nxg4 22. Qf3 Bf8 23. Rce2 Nf6 24. Rxe5 Rxe5 25. Rxe5 Re8 26. Rxe8 Nxe8 27. Nf5 Qe6 28. Kf1 Qf6 29. Bb2 Bc5 30. Qe4 Nd6 31. Nxd6 Qxd6 32. Qe8+ Kh7 33. Qe4+ Kg8 34. h4 Qd7 35. b4 axb4 36. axb4 Bxb4 37. Qxd4 Qh3+ 38. Kg1 Bf8 39. Qd8 1-0

[Event "Novi Sad Serbia op-A"]
[Site "Novi Sad"]
[Date "2022.07.06"]
[Round "9"]
[White "Suleymanli, Aydin Elshan"]
[Black "Sadikhov, Ulvi Ramil Oglu"]
[Result "1-0"]
[WhiteElo "2541"]
[BlackElo "2487"]
[PlyCount "99"]
[EventDate "2022.06.28"]
[EventType "swiss"]
[EventRounds "9"]
[EventCountry "SRB"]
[SourceTitle "EXT 2023"]
[Source "ChessBase"]
[SourceDate "2022.10.05"]
[SourceVersion "1"]
[SourceVersionDate "2022.10.05"]
[SourceQuality "1"]

1. d4 d6 2. c4 g6 3. Nc3 Bg7 4. e4 Nd7 5. Be3 e5 6. d5 h5 7. Qd2 Nh6 8. f3 f5 9. Bg5 Nf6 10. exf5 Bxf5 11. Bd3 Qd7 12. Nge2 0-0 13. Ng3 Bxd3 14. Qxd3 Nf5 15. 0-0 Nxg3 16. hxg3 Qf5 17. Qd2 a6 18. a4 Nh7 19. Be3 g5 20. c5 Rad8 21. cxd6 cxd6 22. Qe2 Qg6 23. Bb6 Rc8 24. Qe4 Qe8 25. Qb4 Rf6 26. Be3 Qf7 27. Rac1 Rd8 28. Ne4 Rg6 29. Bb6 Rd7 30. Rc8+ Bf8 31. Qc4 Nf6 32. Nxf6+ Qxf6 33. Re8 Rf7 34. Qe4 Qg7 35. Be3 Rgf6 36. g4 hxg4 37. Qxg4 Rg6 38. Rc1 Qh7 39. Re6 Rfg7 40. Rc8 Rf7 41. Rxg6+ Qxg6 42. Qxg5 Qxg5 43. Bxg5 Kg7 44. Be3 Kg6 45. Re8 Be7 46. Kf2 Bh4+ 47. g3 Be7 48. Ke2 Rh7 49. Kd3 Kf6 50. Rb8 1-0

[Event "Novi Sad Serbia op-A"]
[Site "Novi Sad"]
[Date "2022.07.05"]
[Round "8"]
[White "Sadikhov, Ulvi Ramil Oglu"]
[Black "Babazada, Khazar Araz"]
[Result "1-0"]
[WhiteElo "2487"]
[BlackElo "2440"]
[PlyCount "87"]
[EventDate "2022.06.28"]
[EventType "swiss"]
[EventRounds "9"]
[EventCountry "SRB"]
[SourceTitle "EXT 2023"]
[Source "ChessBase"]
[SourceDate "2022.10.05"]
[SourceVersion "1"]
[SourceVersionDate "2022.10.05"]
[SourceQuality "1"]

1. c4 e5 2. Nc3 Nf6 3. Nf3 Nc6 4. g3 Bb4 5. Bg2 0-0 6. 0-0 Bxc3 7. bxc3 e4 8. Nd4 Re8 9. d3 h6 10. c5 exd3 11. Qxd3 Ne5 12. Qb5 c6 13. Qb3 d5 14. cxd6 Qxd6 15. Ba3 Qc7 16. e4 c5 17. Nb5 Qb6 18. c4 Be6 19. Rac1 Nc6 20. Qe3 Bxc4 21. Rxc4 Qxb5 22. Rxc5 Qa4 23. f3 Rad8 24. Rcc1 Ne5 25. Qb3 Qxb3 26. axb3 Rd3 27. f4 Nc6 28. e5 Rxb3 29. Bd6 Ng4 30. Rb1 Rd3 31. Rxb7 Nd4 32. Be4 Rd2 33. Bc5 Ne2+ 34. Kh1 Nd4 35. Bxd4 Rxd4 36. Bf3 Ne3 37. Rc1 g5 38. Bh5 Rf8 39. Rcc7 gxf4 40. e6 fxg3 41. Rxf7 g2+ 42. Kg1 Rxf7 43. exf7+ Kg7 44. Rb8 1-0

[Event "Novi Sad Serbia op-A"]
[Site "Novi Sad"]
[Date "2022.07.04"]
[Round "7"]
[White "Doshi, Moksh Amitbhai"]
[Black "Sadikhov, Ulvi Ramil Oglu"]
[Result "0-1"]
[WhiteElo "2398"]
[BlackElo "2487"]
[PlyCount "48"]
[EventDate "2022.06.28"]
[EventType "swiss"]
[EventRounds "9"]
[EventCountry "SRB"]
[SourceTitle "EXT 2023"]
[Source "ChessBase"]
[SourceDate "2022.10.05"]
[SourceVersion "1"]
[SourceVersionDate "2022.10.05"]
[SourceQuality "1"]

1. d4 d6 2. Nf3 g6 3. c4 Bg7 4. g3 Nd7 5. Bg2 Ngf6 6. Nc3 0-0 7. 0-0 e5 8. e4 exd4 9. Nxd4 Re8 10. h3 a6 11. Re1 Rb8 12. Bf4 Ne5 13. b3 c5 14. Nf3 Nfd7 15. Nxe5 Nxe5 16. Qd2 Qa5 17. Rac1 b5 18. cxb5 axb5 19. Red1 Be6 20. Qxd6 Rbd8 21. Qxc5 Rxd1+ 22. Nxd1 Nd3 23. Qc6 Rf8 24. b4 Qxb4 0-1

[Event "Novi Sad Serbia op-A"]
[Site "Novi Sad"]
[Date "2022.06.29"]
[Round "2"]
[White "Sadikhov, Ulvi Ramil Oglu"]
[Black "Konyves, Almos"]
[Result "1-0"]
[WhiteElo "2487"]
[BlackElo "2222"]
[PlyCount "51"]
[EventDate "2022.06.28"]
[EventType "swiss"]
[EventRounds "9"]
[EventCountry "SRB"]
[SourceTitle "EXT 2023"]
[Source "ChessBase"]
[SourceDate "2022.10.05"]
[SourceVersion "1"]
[SourceVersionDate "2022.10.05"]
[SourceQuality "1"]

1. e4 e5 2. Nf3 Nc6 3. c3 d5 4. Qa4 dxe4 5. Nxe5 Qd5 6. Nxc6 bxc6 7. Bc4 Qd6 8. d3 Bf5 9. dxe4 Bxe4 10. 0-0 Qg6 11. g3 Bc5 12. Nd2 Bf5 13. Nf3 Ne7 14. Ne5 Qf6 15. Nxf7 Bh3 16. Bf4 Bxf1 17. Rxf1 Rf8 18. Re1 Rxf7 19. Re6 Qxe6 20. Bxe6 Rf6 21. Qe4 h6 22. b4 Bd6 23. Be3 a5 24. b5 Rb8 25. c4 c5 26. Bd2 1-0

[Event "Novi Sad Serbia op-A"]
[Site "Novi Sad"]
[Date "2022.06.28"]
[Round "1"]
[White "Jain, Kashish Manoj"]
[Black "Sadikhov, Ulvi Ramil Oglu"]
[Result "1-0"]
[WhiteElo "2147"]
[BlackElo "2487"]
[PlyCount "81"]
[EventDate "2022.06.28"]
[EventType "swiss"]
[EventRounds "9"]
[EventCountry "SRB"]
[SourceTitle "EXT 2023"]
[Source "ChessBase"]
[SourceDate "2022.10.05"]
[SourceVersion "1"]
[SourceVersionDate "2022.10.05"]
[SourceQuality "1"]

1. e4 c5 2. Nf3 Nc6 3. Bb5 Nf6 4. Nc3 g6 5. 0-0 Bg7 6. e5 Ng4 7. Bxc6 dxc6 8. Re1 0-0 9. d3 Nh6 10. h3 b6 11. Bf4 Nf5 12. Qd2 Re8 13. Ne4 Nd4 14. Nxd4 Qxd4 15. Nc3 Bf5 16. g4 Be6 17. Re4 Qd7 18. Bh6 Bh8 19. Rae1 Rad8 20. Qf4 f5 21. exf6 exf6 22. R4e3 Bf7 23. Rxe8+ Rxe8 24. Rxe8+ Qxe8 25. Ne4 Qd8 26. h4 Bd5 27. a4 Bxe4 28. dxe4 Kf7 29. Kg2 Ke6 30. b3 Qd1 31. Kh3 Qxc2 32. Qb8 Qc3+ 33. Kg2 f5 34. Qe8+ Kd6 35. Qd8+ Ke6 36. gxf5+ gxf5 37. Qe8+ Kd6 38. Qd8+ Ke6 39. Qe8+ Kd6 40. Bf4+ Be5 41. Qf8+ 1-0

[Event "Veliko Gradiste Silver Lake op-A"]
[Site "Veliko Gradiste"]
[Date "2022.06.26"]
[Round "9"]
[White "Sadikhov, Ulvi Ramil Oglu"]
[Black "Damljanovic, Branko"]
[Result "1-0"]
[WhiteElo "2491"]
[BlackElo "2469"]
[PlyCount "113"]
[EventDate "2022.06.19"]
[EventType "swiss"]
[EventRounds "9"]
[EventCountry "SRB"]
[SourceTitle "CBM 209 Extra"]
[Source "ChessBase"]
[SourceDate "2022.09.30"]
[SourceVersion "1"]
[SourceVersionDate "2022.09.30"]
[SourceQuality "1"]

1. c4 g6 2. Nc3 Bg7 3. g3 d6 4. Bg2 e5 5. e4 Ne7 6. Nge2 Nd7 7. 0-0 0-0 8. d3 c6 9. Rb1 f5 10. exf5 gxf5 11. b4 a6 12. f4 Ng6 13. Qc2 Nf6 14. c5 Kh8 15. Na4 Rb8 16. Kh1 Ne8 17. Bb2 Be6 18. Rbe1 Bg8 19. a3 Nf6 20. cxd6 Ng4 21. Qd2 Qxd6 22. h3 Nf6 23. fxe5 Nxe5 24. Nd4 Nh5 25. Re3 f4 26. gxf4 Nxf4 27. Rxe5 Bxe5 28. Rxf4 Bd5 29. Nf5 Qf6 30. Bxd5 Bxb2 31. Be4 Be5 32. Rg4 b6 33. d4 Bc7 34. Nc3 Rbe8 35. Bd3 Qe6 36. Qf2 Rf7 37. Re4 Qd7 38. Rxe8+ Qxe8 39. Ne4 Rf8 40. Ng5 Qh5 41. Qe3 Rg8 42. h4 Re8 43. Qf3 Re1+ 44. Kg2 Qxf3+ 45. Kxf3 Ra1 46. h5 Rxa3 47. Ke4 Ra1 48. Bc4 b5 49. Be6 Re1+ 50. Kf3 h6 51. Nxh6 Kg7 52. Ng4 Rf1+ 53. Ke2 Rf8 54. Bd7 Rh8 55. Ne6+ Kf7 56. Nxc7 Rxh5 57. Be8+ 1-0